000 00314nam a22001457a 4500
008 230418b ||||| |||| 00| 0 eng d
020 _a9781579549985
041 _aeng
080 _a615.83
082 _a615.83ZIN
100 _a16
101 _aNUTRI
245 _aTHE ABS DIET
_cZINCZENKO.D
942 _2udc
_cBK
999 _c59590
_d59590